000 00902cab a2200217 4500
001 X87146
008 090401t1997 xxu||||| |||| 00| 0 eng d
035 _a(Sirsi) u81545
041 _aeng
245 _aHalki Shipping Corporation v Sopex Oils Ltd
260 _c1997
350 _a0
490 _aWeekly Law Reports
_v[1997] 1 WLR 1268-1279(12)
520 _aQBD 7 July 1997. Arbitration-stay of judicial proceedings-arbitration agreement-claim for demurrage-charterers not admitting claim-disputes agreed to be referred to arbitration-shipowners asserting no defence to claim-whether `dispute` between parties-whether action to be stayed-Arbitration Act 1996 (c.23) s9(1) (4) ships` names-Halki. (Headnote from journal).
650 _aARBITRATION ACT 1996
650 _aARBITRATION AGREEMENTS
650 _aSHIPPING
690 _aARBITRATION-CASE LAW
942 _n0
948 _c20/10/1997
999 _c51381
_d51381